[Event "FICGS W-ch final email"]
[Site "FICGS email"]
[Date "2014.04.16"]
[Round "1"]
[White "Cade, Stephen"]
[Black "Blinchevsky, Alexander"]
[Result "1/2-1/2"]
[WhiteElo "2183"]
[BlackElo "2256"]
[PlyCount "88"]
[EventDate "2014.??.??"]
[EventType "tourn (corr)"]
[EventRounds "6"]
[EventCategory "5"]
[SourceTitle "Corr 2022"]
[Source "ChessBase"]
[SourceDate "2021.10.24"]
[SourceVersion "1"]
[SourceVersionDate "2021.10.24"]
[SourceQuality "1"]

1. d4 d5 2. c4 c6 3. Nf3 Nf6 4. Nc3 e6 5. e3 Nbd7 6. Qc2 Bd6 7. Bd3 0-0 8. 0-0 dxc4 9. Bxc4 a6 10. Rd1 b5 11. Bd3 Bb7 12. Ng5 h6 13. Nge4 Be7 14. a3 a5 15. b3 Rc8 16. Bb2 Qb6 17. Nxf6+ Nxf6 18. Qe2 Rfd8 19. Rac1 Rc7 20. Rc2 Ra8 21. Rdc1 Ba6 22. Nb1 Rac8 23. Nd2 c5 24. dxc5 Rxc5 25. Rxc5 Rxc5 26. Rxc5 Qxc5 27. a4 bxa4 28. Bxa6 a3 29. Bd4 Qc1+ 30. Nf1 Qb1 31. Qb5 Ne4 32. Qxa5 a2 33. Bd3 Qxd3 34. Qxa2 Bh4 35. g3 Be7 36. h4 Bb4 37. Qa8+ Bf8 38. Qc6 Qb1 39. Kg2 Bd6 40. Nh2 Kh7 41. Qd7 Kg8 42. Qe8+ Bf8 43. Qc6 Nd2 44. b4 Qxb4 1/2-1/2

[Event "FICGS W-ch st1 gM 01 email"]
[Site "FICGS email"]
[Date "2014.03.03"]
[Round "1"]
[White "Blinchevsky, Alexander"]
[Black "Legrand, Stephane"]
[Result "1/2-1/2"]
[WhiteElo "2256"]
[BlackElo "2306"]
[PlyCount "57"]
[EventDate "2014.??.??"]
[EventType "tourn (corr)"]
[EventRounds "6"]
[EventCategory "1"]
[SourceTitle "Corr 2022"]
[Source "ChessBase"]
[SourceDate "2021.10.24"]
[SourceVersion "1"]
[SourceVersionDate "2021.10.24"]
[SourceQuality "1"]

1. d4 d5 2. c4 c6 3. Nc3 Nf6 4. Nf3 dxc4 5. a4 Bf5 6. e3 e6 7. Bxc4 Bb4 8. 0-0 Nbd7 9. Qe2 Bg6 10. e4 0-0 11. Bd3 Bh5 12. e5 Nd5 13. Nxd5 cxd5 14. Qe3 Be7 15. Bd2 Nb8 16. Ne1 Bg6 17. Bxg6 hxg6 18. Qh3 Nc6 19. Qd3 Rc8 20. Nf3 Rc7 21. Rfc1 Qd7 22. Rc2 Rfc8 23. Rac1 Nb4 24. Bxb4 Bxb4 25. h4 Rxc2 26. Rxc2 Rc6 27. g3 Qc7 28. Rxc6 Qxc6 29. Qb3 1/2-1/2

[Event "FICGS W-ch st2 g04 email"]
[Site "FICGS email"]
[Date "2013.07.30"]
[Round "1"]
[White "Blinchevsky, Alexander"]
[Black "Cade, Stephen"]
[Result "1/2-1/2"]
[WhiteElo "2247"]
[BlackElo "2058"]
[PlyCount "99"]
[EventDate "2013.??.??"]
[EventType "tourn (corr)"]
[EventRounds "8"]
[SourceTitle "Corr 2022"]
[Source "ChessBase"]
[SourceDate "2021.10.24"]
[SourceVersion "1"]
[SourceVersionDate "2021.10.24"]
[SourceQuality "1"]

1. d4 d5 2. c4 c6 3. Nf3 Nf6 4. Nc3 e6 5. e3 Nbd7 6. Qc2 Bd6 7. g4 h6 8. Rg1 e5 9. cxd5 cxd5 10. h4 e4 11. Nd2 g5 12. hxg5 hxg5 13. Be2 Nb6 14. a4 a5 15. Nb5 Bb8 16. Qc5 Ra6 17. b4 Nbd7 18. Qc3 Kf8 19. bxa5 Rc6 20. Qb3 Kg7 21. Ba3 Nf8 22. Nc3 Qc7 23. Bb4 Qh2 24. Rf1 Be6 25. 0-0-0 Ng6 26. Kb1 Bd6 27. Bxd6 Qxd6 28. Rc1 Ne7 29. Bb5 Rcc8 30. Qb2 Bxg4 31. Nb3 Nc6 32. Rg1 Rh2 33. Bxc6 bxc6 34. Nc5 Qb8 35. Rc2 Qa8 36. f4 Rxc2 37. Kxc2 gxf4 38. a6 Rb8 39. Qc1 f3 40. Qe1 Rh8 41. Qg3 Qb8 42. Qxb8 Rxb8 43. N3xe4 dxe4 44. Nxe4 Rb4 45. Nxf6 Kxf6 46. Rxg4 Rxa4 47. Rf4+ Ke7 48. Rxf3 Rxa6 49. Rf5 Ra3 50. Kd2 1/2-1/2

[Event "FICGS W-ch st1 gN 01 email"]
[Site "FICGS email"]
[Date "2013.07.02"]
[Round "1"]
[White "Blinchevsky, Alexander"]
[Black "Dineen, Thomas"]
[Result "1/2-1/2"]
[WhiteElo "2247"]
[BlackElo "2170"]
[PlyCount "83"]
[EventDate "2013.??.??"]
[EventType "tourn (corr)"]
[EventRounds "6"]
[SourceTitle "Corr 2022"]
[Source "ChessBase"]
[SourceDate "2021.10.24"]
[SourceVersion "1"]
[SourceVersionDate "2021.10.24"]
[SourceQuality "1"]

1. d4 Nf6 2. c4 e6 3. Nf3 Bb4+ 4. Nbd2 0-0 5. a3 Be7 6. e4 d5 7. e5 Nfd7 8. b4 a5 9. b5 c5 10. Bd3 cxd4 11. Qc2 h6 12. cxd5 exd5 13. 0-0 Nc5 14. Bh7+ Kh8 15. Bb2 Nbd7 16. a4 g6 17. Bxg6 fxg6 18. Qxg6 Qb6 19. e6 Nxe6 20. Qxh6+ Kg8 21. Rfe1 Rf6 22. Qh5 Rf7 23. Qxd5 Nf4 24. Qc4 Qc5 25. Bxd4 Qxc4 26. Nxc4 Bb4 27. Re8+ Rf8 28. Rxf8+ Kxf8 29. Rd1 Ne2+ 30. Kf1 Nxd4 31. Rxd4 Rb8 32. h4 Nf6 33. Rd8+ Ke7 34. Rh8 Kf7 35. Rd8 Be7 36. Rd4 Kg7 37. Ng5 b6 38. Nd6 Bd7 39. Ke2 Rd8 40. Ngf7 Rf8 41. Ng5 Rd8 42. Ngf7 1/2-1/2

[Event "FICGS W-ch st1 gN 01 email"]
[Site "FICGS email"]
[Date "2013.07.02"]
[Round "1"]
[White "Blinchevsky, Alexander"]
[Black "Tsenkov, Lyubomir"]
[Result "1/2-1/2"]
[WhiteElo "2247"]
[BlackElo "2275"]
[PlyCount "36"]
[EventDate "2013.??.??"]
[EventType "tourn (corr)"]
[EventRounds "6"]
[SourceTitle "Corr 2022"]
[Source "ChessBase"]
[SourceDate "2021.10.24"]
[SourceVersion "1"]
[SourceVersionDate "2021.10.24"]
[SourceQuality "1"]

1. d4 d5 2. c4 e6 3. Nf3 c6 4. Nc3 dxc4 5. Bg5 Be7 6. Bxe7 Nxe7 7. a4 Nd5 8. a5 c5 9. e4 cxd4 10. Nxd5 exd5 11. Qxd4 0-0 12. Qxd5 Be6 13. Qxd8 Rxd8 14. Ng5 Rd4 15. Rd1 Rxd1+ 16. Kxd1 b5 17. axb6 axb6 18. Kc2 b5 1/2-1/2

[Event "FICGS W-ch st1 gN 01 email"]
[Site "FICGS email"]
[Date "2013.07.02"]
[Round "1"]
[White "Blinchevsky, Alexander"]
[Black "Unger, Peter"]
[Result "1/2-1/2"]
[WhiteElo "2247"]
[BlackElo "2206"]
[PlyCount "99"]
[EventDate "2013.??.??"]
[EventType "tourn (corr)"]
[EventRounds "6"]
[SourceTitle "Corr 2022"]
[Source "ChessBase"]
[SourceDate "2021.10.24"]
[SourceVersion "1"]
[SourceVersionDate "2021.10.24"]
[SourceQuality "1"]

1. d4 d5 2. c4 e6 3. Nf3 Nf6 4. Nc3 c6 5. Bg5 h6 6. Bh4 dxc4 7. e4 g5 8. Bg3 b5 9. Be2 Bb7 10. h4 g4 11. Ne5 Nbd7 12. Bxg4 Nxe5 13. Bxe5 Rg8 14. Bf3 Nd7 15. Bg3 Qb6 16. 0-0 0-0-0 17. Kh1 Bg7 18. Bh5 Rgf8 19. a4 b4 20. Ne2 Qa5 21. Bf3 Ne5 22. Bxe5 Bxe5 23. Qc1 Bxd4 24. Nxd4 Rxd4 25. Qxh6 Rg8 26. Qh7 Qd8 27. Rfd1 Rf8 28. Kg1 Qf6 29. Qh5 Rd3 30. a5 Rh8 31. Qc5 Qxh4 32. Kf1 Rxd1+ 33. Rxd1 c3 34. bxc3 bxc3 35. Qxc3 Ba6+ 36. Ke1 Bb5 37. Qd4 a6 38. g3 Qh3 39. Kd2 Rd8 40. Qxd8+ Kxd8 41. Rh1 Qxh1 42. Bxh1 f6 43. f4 Ke7 44. e5 f5 45. Kc3 c5 46. Bf3 Kd7 47. g4 fxg4 48. Bxg4 Ke7 49. Bh3 Kf7 50. Kc2 1/2-1/2

[Event "FICGS W-ch st1 gN 01 email"]
[Site "FICGS email"]
[Date "2013.07.02"]
[Round "1"]
[White "Eldridge, Mark"]
[Black "Blinchevsky, Alexander"]
[Result "1/2-1/2"]
[WhiteElo "2163"]
[BlackElo "2247"]
[PlyCount "133"]
[EventDate "2013.??.??"]
[EventType "tourn (corr)"]
[EventRounds "6"]
[SourceTitle "Corr 2022"]
[Source "ChessBase"]
[SourceDate "2021.10.24"]
[SourceVersion "1"]
[SourceVersionDate "2021.10.24"]
[SourceQuality "1"]

1. d4 d5 2. c4 c6 3. Nf3 Nf6 4. Nc3 e6 5. Bg5 h6 6. Bh4 dxc4 7. e4 g5 8. Bg3 b5 9. Ne5 Bb7 10. h4 g4 11. Nxg4 Nxg4 12. Qxg4 Qxd4 13. Rd1 Qg7 14. Qf4 Na6 15. Be2 Nc5 16. e5 Be7 17. 0-0 Qg6 18. b4 cxb3 19. axb3 a5 20. Bf3 Qc2 21. Ne2 Qxb3 22. Bh5 Rh7 23. Qg4 Kf8 24. Bf4 a4 25. Be3 a3 26. Bg6 h5 27. Qf4 Rg7 28. Bxc5 Bxc5 29. Rd7 Be7 30. Nd4 Qc4 31. Rc1 Rxg6 32. Rxc4 bxc4 33. Rxb7 a2 34. Nc2 a1Q+ 35. Nxa1 Rxa1+ 36. Kh2 c3 37. Rb3 Ra3 38. Rxa3 Bxa3 39. Qc4 Bb2 40. Qxc6 Kg7 41. g3 Kh6 42. Qc7 Kg7 43. Kg2 Rg4 44. f4 Rg6 45. Kf2 Rg4 46. Qc4 Rg6 47. Qd3 Rg4 48. Ke2 Rg6 49. Kd1 Rg4 50. Kc2 Rg6 51. Qf3 Rg4 52. Kb3 Kg8 53. f5 exf5 54. Qb7 Rg6 55. Qc8+ Kg7 56. Qxf5 Rb6+ 57. Kc2 Rg6 58. e6 Rxe6 59. Qxh5 Ba3 60. Qg4+ Rg6 61. Qd4+ Kg8 62. g4 Bf8 63. h5 Rg5 64. Qf4 Rg7 65. Qb8 Rxg4 66. h6 Rg5 67. h7+ 1/2-1/2

[Event "FICGS W-ch st1 gN 01 email"]
[Site "FICGS email"]
[Date "2013.07.02"]
[Round "1"]
[White "Lowrance, Wayne"]
[Black "Blinchevsky, Alexander"]
[Result "1/2-1/2"]
[WhiteElo "2252"]
[BlackElo "2247"]
[PlyCount "55"]
[EventDate "2013.??.??"]
[EventType "tourn (corr)"]
[EventRounds "6"]
[SourceTitle "Corr 2022"]
[Source "ChessBase"]
[SourceDate "2021.10.24"]
[SourceVersion "1"]
[SourceVersionDate "2021.10.24"]
[SourceQuality "1"]

1. e4 e5 2. Nf3 Nf6 3. Nxe5 d6 4. Nf3 Nxe4 5. d4 d5 6. Bd3 Nc6 7. 0-0 Be7 8. c4 Nb4 9. a3 Nxd3 10. Qxd3 Bf5 11. Qb3 dxc4 12. Qxb7 0-0 13. Qc6 Nd6 14. Nc3 Re8 15. Re1 Rb8 16. Qa6 Rb7 17. Na4 Qa8 18. Qc6 Bf8 19. Bf4 Be4 20. d5 Rbb8 21. Qxa8 Rxa8 22. Nc3 Bxf3 23. gxf3 Rab8 24. Rxe8 Nxe8 25. Nd1 Rb3 26. Rc1 Rd3 27. Kf1 Bd6 28. Bg3 1/2-1/2

[Event "FICGS W-ch st1 g10 email"]
[Site "FICGS email"]
[Date "2012.12.09"]
[Round "1"]
[White "Rodriguez, Juan Antonio"]
[Black "Blinchevsky, Alexander"]
[Result "0-1"]
[WhiteElo "1800"]
[BlackElo "2206"]
[PlyCount "30"]
[EventDate "2012.??.??"]
[EventType "tourn (corr)"]
[EventRounds "8"]
[SourceTitle "Corr 2022"]
[Source "ChessBase"]
[SourceDate "2021.10.24"]
[SourceVersion "1"]
[SourceVersionDate "2021.10.24"]
[SourceQuality "1"]

1. d4 d5 2. c4 c6 3. e3 Nf6 4. Nc3 e6 5. Nf3 Nbd7 6. cxd5 exd5 7. Bd3 Bd6 8. a3 0-0 9. 0-0 Re8 10. Qc2 Qe7 11. h3 Ne4 12. Nd2 Ndf6 13. Ndxe4 dxe4 14. Be2 Bc7 15. b4 Qd6 0-1

[Event "FICGS W-ch st2 g01 email"]
[Site "FICGS email"]
[Date "2012.12.03"]
[Round "1"]
[White "Blinchevsky, Alexander"]
[Black "Shchelykalin, Vyacheslav"]
[Result "1-0"]
[WhiteElo "2206"]
[BlackElo "1962"]
[PlyCount "87"]
[EventDate "2012.??.??"]
[EventType "tourn (corr)"]
[EventRounds "8"]
[SourceTitle "Corr 2022"]
[Source "ChessBase"]
[SourceDate "2021.10.24"]
[SourceVersion "1"]
[SourceVersionDate "2021.10.24"]
[SourceQuality "1"]

1. d4 Nf6 2. c4 e6 3. Nf3 d5 4. Nc3 c6 5. e3 Nbd7 6. Qc2 Bd6 7. g4 h6 8. Rg1 e5 9. cxd5 cxd5 10. Nb5 Bb8 11. g5 hxg5 12. Nxg5 e4 13. Bd2 Nb6 14. h3 a6 15. Ba5 Bf5 16. Nc3 Bh2 17. Rg2 Bc7 18. Qb3 Rc8 19. Rg1 g6 20. Bb4 Bh2 21. Rg2 Bd6 22. Ba5 Rc6 23. 0-0-0 Nfd7 24. Kb1 Qe7 25. Nxd5 Nxd5 26. Qxb7 Nb8 27. Qb3 Rh5 28. h4 Nb4 29. Be2 Rxh4 30. Bxb4 Bxb4 31. Nxf7 Be6 32. d5 Bxf7 33. Qa4 Bxd5 34. Rxd5 Rh1+ 35. Rd1 Rxd1+ 36. Bxd1 Kd8 37. a3 Bc5 38. Rg4 Qd6 39. Bc2 Rb6 40. Qxe4 Bxa3 41. Rxg6 Qxg6 42. Qxg6 Rxg6 43. Bxg6 Bf8 44. Kc2 1-0

[Event "FICGS W-ch st2 g01 email"]
[Site "FICGS email"]
[Date "2012.12.03"]
[Round "1"]
[White "Fraczek, Dariusz"]
[Black "Blinchevsky, Alexander"]
[Result "1/2-1/2"]
[WhiteElo "2263"]
[BlackElo "2206"]
[PlyCount "94"]
[EventDate "2012.??.??"]
[EventType "tourn (corr)"]
[EventRounds "8"]
[SourceTitle "Corr 2022"]
[Source "ChessBase"]
[SourceDate "2021.10.24"]
[SourceVersion "1"]
[SourceVersionDate "2021.10.24"]
[SourceQuality "1"]

1. e4 c6 2. d4 d5 3. e5 Bf5 4. Nf3 e6 5. Be2 Nd7 6. 0-0 Ne7 7. Nbd2 h6 8. Nb3 Qc7 9. Bd2 Bg6 10. Rc1 Nf5 11. Ba5 Nb6 12. Nc5 Qc8 13. Nd3 Be7 14. Nf4 Bh7 15. b3 Nd7 16. c4 g5 17. Nh5 Bg6 18. Ng3 Ba3 19. Rc3 b6 20. cxd5 exd5 21. b4 bxa5 22. Rxa3 axb4 23. Nxf5 Bxf5 24. Ra6 0-0 25. Qd2 Nb8 26. Ra5 Qe6 27. Qxb4 Nd7 28. Ra6 Rfb8 29. Qa3 Rb7 30. h4 g4 31. Nd2 Nb8 32. Ra4 Nd7 33. Nb3 h5 34. Ra6 Qh6 35. Rc1 Nb8 36. Ra5 Nd7 37. Ra6 Nb8 38. Ra4 Nd7 39. Bf1 Kg7 40. Ra6 Nb8 41. Ra5 Nd7 42. Rc3 Kg8 43. g3 Kg7 44. Ra6 Nb8 45. Ra5 Nd7 46. Qa4 Rc7 47. Qa3 Rb7 1/2-1/2

[Event "FICGS W-ch st2 g01 email"]
[Site "FICGS email"]
[Date "2012.12.03"]
[Round "1"]
[White "Wolf, Bernd"]
[Black "Blinchevsky, Alexander"]
[Result "0-1"]
[WhiteElo "2113"]
[BlackElo "2206"]
[PlyCount "168"]
[EventDate "2012.??.??"]
[EventType "tourn (corr)"]
[EventRounds "8"]
[SourceTitle "Corr 2022"]
[Source "ChessBase"]
[SourceDate "2021.10.24"]
[SourceVersion "1"]
[SourceVersionDate "2021.10.24"]
[SourceQuality "1"]

1. d4 d5 2. c4 c6 3. Nf3 Nf6 4. Nc3 e6 5. Bg5 h6 6. Bh4 dxc4 7. e4 g5 8. Bg3 b5 9. Be2 Bb7 10. h4 g4 11. Ne5 Nbd7 12. Bxg4 Nxe5 13. Bxe5 Rg8 14. Bf3 Nd7 15. Bg3 Qb6 16. 0-0 0-0-0 17. Kh1 Rxg3 18. fxg3 Ne5 19. Bh5 Rxd4 20. Qe2 Bg7 21. Bxf7 c5 22. Rad1 Kb8 23. a3 a6 24. Bh5 Nd3 25. Rf7 Be5 26. Rdf1 b4 27. axb4 cxb4 28. Na4 Qc6 29. Rf8+ Ka7 30. Qe3 a5 31. Bf3 Ka6 32. b3 Kb5 33. Rf7 cxb3 34. Be2 Kxa4 35. Ra1+ Kb5 36. Rc1 Qxc1+ 37. Qxc1 Bxe4 38. Qd1 Kb6 39. Bxd3 Rxd3 40. Qe2 b2 41. Rf1 Rd4 42. Qxb2 Bd3 43. Rf4 Rd5 44. Qc1 b3 45. Rf2 Rc5 46. Qd2 Bc4 47. Kh2 b2 48. Qd8+ Kb7 49. Rxb2+ Bxb2 50. Qd7+ Rc7 51. Qd2 Be5 52. Qxa5 Bd5 53. Qb5+ Ka7 54. Qe2 Bd6 55. Qe3+ Ka6 56. Qd3+ Rc4 57. h5 Kb5 58. Kh3 Kc6 59. Qe3 Rc2 60. Qxh6 Rxg2 61. Qh7 Rxg3+ 62. Kh4 Rg1 63. Qf7 Bc5 64. Kh3 Be3 65. Qf6 Kd7 66. Qc3 Rf1 67. Kg4 Rf4+ 68. Kg5 Rf3+ 69. Kg4 Ke7 70. Qb2 Kf7 71. Qc3 Bg5 72. Qh8 Bf6 73. Qh7+ Kf8 74. Qh6+ Ke7 75. Qh7+ Kd6 76. Qa7 Rf5 77. Qb6+ Ke7 78. Qa7+ Kf8 79. Qb8+ Kg7 80. Qe8 Bf3+ 81. Kh3 Rxh5+ 82. Kg3 Rf5 83. Qd7+ Kf8 84. Qa7 Bd5 0-1

[Event "FICGS W-ch final email"]
[Site "FICGS email"]
[Date "2012.01.02"]
[Round "1"]
[White "Blinchevsky, Alexander"]
[Black "Hase, Pavel"]
[Result "1/2-1/2"]
[WhiteElo "2253"]
[BlackElo "2332"]
[PlyCount "31"]
[EventDate "2012.??.??"]
[EventType "tourn (corr)"]
[EventRounds "6"]
[EventCategory "5"]
[SourceTitle "Corr 2022"]
[Source "ChessBase"]
[SourceDate "2021.10.24"]
[SourceVersion "1"]
[SourceVersionDate "2021.10.24"]
[SourceQuality "1"]

1. d4 d5 2. c4 e6 3. Nc3 Nf6 4. Bg5 Be7 5. Nf3 0-0 6. e3 h6 7. Bh4 Ne4 8. Bxe7 Qxe7 9. Rc1 c6 10. Bd3 Nxc3 11. Rxc3 Nd7 12. Qc2 dxc4 13. Bxc4 e5 14. Qe4 Re8 15. 0-0 exd4 16. Qxe7 1/2-1/2

[Event "FICGS W-ch final email"]
[Site "FICGS email"]
[Date "2012.01.02"]
[Round "1"]
[White "Blinchevsky, Alexander"]
[Black "Laghetti, Gaetano"]
[Result "1/2-1/2"]
[WhiteElo "2253"]
[BlackElo "2400"]
[PlyCount "66"]
[EventDate "2012.??.??"]
[EventType "tourn (corr)"]
[EventRounds "6"]
[EventCategory "5"]
[SourceTitle "Corr 2022"]
[Source "ChessBase"]
[SourceDate "2021.10.24"]
[SourceVersion "1"]
[SourceVersionDate "2021.10.24"]
[SourceQuality "1"]

1. d4 Nf6 2. c4 g6 3. Nc3 d5 4. cxd5 Nxd5 5. e4 Nxc3 6. bxc3 Bg7 7. Nf3 c5 8. Rb1 0-0 9. Be2 cxd4 10. cxd4 Qa5+ 11. Bd2 Qxa2 12. 0-0 Bg4 13. Bg5 h6 14. Be3 Nc6 15. d5 Bxf3 16. Bxf3 Ne5 17. Rxb7 a5 18. Rxe7 a4 19. Bd4 Nxf3+ 20. gxf3 Bxd4 21. Qxd4 a3 22. d6 Qb2 23. Qd5 Rab8 24. Rc7 Qe2 25. Qd1 Qa6 26. Qd4 a2 27. Ra7 Qe2 28. Qd1 Qc4 29. Qc1 Qe2 30. Kg2 Ra8 31. Qa3 Rxa7 32. Qxa7 Qd2 33. h4 g5 1/2-1/2

[Event "FICGS W-ch st2 g04 email"]
[Site "FICGS email"]
[Date "2011.04.03"]
[Round "1"]
[White "Blinchevsky, Alexander"]
[Black "Nichols, Scott"]
[Result "1/2-1/2"]
[WhiteElo "2253"]
[BlackElo "2184"]
[PlyCount "69"]
[EventDate "2011.??.??"]
[EventType "tourn (corr)"]
[EventRounds "6"]
[SourceTitle "Corr 2013"]
[Source "ChessBase"]
[SourceDate "2012.11.12"]
[SourceVersion "1"]
[SourceVersionDate "2012.11.12"]
[SourceQuality "1"]

1. d4 d5 2. c4 c6 3. Nf3 Nf6 4. Nc3 e6 5. Bg5 h6 6. Bh4 g5 7. Bg3 dxc4 8. e4 b5 9. Be2 Be7 10. 0-0 Bb7 11. Ne5 Nbd7 12. f4 b4 13. fxg5 hxg5 14. Na4 Nxe5 15. Bxe5 Rh6 16. Qc2 Nd7 17. Bg3 Nb6 18. Rad1 Nxa4 19. Qxa4 Qb6 20. Qc2 Rd8 21. Qxc4 c5 22. d5 Kf8 23. h3 Rf6 24. Rxf6 Bxf6 25. Bf2 Be7 26. Bf3 Kg7 27. a3 a5 28. Rc1 bxa3 29. bxa3 Qb2 30. dxe6 Ba6 31. Qc3+ Qxc3 32. Rxc3 c4 33. Be3 Bf6 34. Rc2 Rd3 35. Kf2 1/2-1/2

[Event "FICGS W-ch st1 gM 01 email"]
[Site "FICGS email"]
[Date "2011.04.01"]
[Round "1"]
[White "Gazi, Miroslav"]
[Black "Blinchevsky, Alexander"]
[Result "1/2-1/2"]
[WhiteElo "2272"]
[BlackElo "2253"]
[PlyCount "82"]
[EventDate "2011.??.??"]
[EventType "tourn (corr)"]
[EventRounds "6"]
[EventCategory "1"]
[SourceTitle "Corr 2013"]
[Source "ChessBase"]
[SourceDate "2012.11.12"]
[SourceVersion "1"]
[SourceVersionDate "2012.11.12"]
[SourceQuality "1"]

1. d4 d5 2. c4 c6 3. Nf3 Nf6 4. e3 e6 5. Bd3 Nbd7 6. b3 Ne4 7. 0-0 Bd6 8. Qc2 f5 9. Ba3 Bxa3 10. Nxa3 Qe7 11. Qb2 0-0 12. b4 b6 13. Ne5 Nxe5 14. dxe5 a5 15. b5 c5 16. f3 Ng5 17. Rad1 Bb7 18. f4 Ne4 19. cxd5 exd5 20. g4 Rad8 21. gxf5 Bc8 22. Bxe4 dxe4 23. Qb3+ Kh8 24. Nc4 Bxf5 25. Nd6 Be6 26. Qc2 Bg4 27. Rd2 Bf3 28. Rff2 Qh4 29. Qc4 h6 30. Qe6 Kh7 31. a4 c4 32. Rc2 Rxd6 33. Qxd6 Rd8 34. Qe6 Rd1+ 35. Rf1 Rxf1+ 36. Kxf1 Bg4 37. f5 Qh3+ 38. Kg1 Qxe3+ 39. Rf2 Qe1+ 40. Rf1 Qe3+ 41. Rf2 Qe1+ 1/2-1/2

[Event "FICGS W-ch st2 g04 email"]
[Site "FICGS email"]
[Date "2010.07.06"]
[Round "1"]
[White "Blinchevsky, Alexander"]
[Black "Vidanovic, Djordje"]
[Result "1/2-1/2"]
[WhiteElo "2229"]
[BlackElo "2123"]
[PlyCount "67"]
[EventDate "2010.??.??"]
[EventType "tourn (corr)"]
[EventRounds "5"]
[SourceTitle "Corr 2013"]
[Source "ChessBase"]
[SourceDate "2012.11.12"]
[SourceVersion "1"]
[SourceVersionDate "2012.11.12"]
[SourceQuality "1"]

1. d4 d5 2. c4 dxc4 3. Nf3 a6 4. e3 e6 5. Bxc4 Nf6 6. a4 c5 7. 0-0 Nc6 8. Qe2 Qc7 9. Nc3 Bd6 10. Bd2 0-0 11. Rac1 Rd8 12. dxc5 Bxc5 13. Bd3 Be7 14. Ne4 Nd5 15. Rfd1 h6 16. Ng3 Bd7 17. Bb1 Rac8 18. h3 Be8 19. Qd3 Nf6 20. Qb3 Nd7 21. Bc3 g6 22. Ne4 f5 23. Ba2 Bf7 24. Ng3 Nc5 25. Qc2 Rxd1+ 26. Rxd1 b5 27. axb5 axb5 28. e4 Bf8 29. Be1 Qa7 30. exf5 Qxa2 31. fxg6 Be8 32. Nh5 Qb3 33. Nf6+ Kg7 34. Nh5+ 1/2-1/2

[Event "FICGS W-ch st2 g04 email"]
[Site "FICGS email"]
[Date "2010.07.06"]
[Round "1"]
[White "Boehme, Sebastian"]
[Black "Blinchevsky, Alexander"]
[Result "1/2-1/2"]
[WhiteElo "2279"]
[BlackElo "2229"]
[PlyCount "95"]
[EventDate "2010.??.??"]
[EventType "tourn (corr)"]
[EventRounds "5"]
[SourceTitle "Corr 2013"]
[Source "ChessBase"]
[SourceDate "2012.11.12"]
[SourceVersion "1"]
[SourceVersionDate "2012.11.12"]
[SourceQuality "1"]

1. d4 d5 2. Nf3 Nf6 3. c4 c6 4. Nc3 e6 5. Bg5 dxc4 6. e4 b5 7. e5 h6 8. Bh4 g5 9. Nxg5 hxg5 10. Bxg5 Nbd7 11. g3 Bb7 12. Bg2 Qb6 13. exf6 0-0-0 14. Qg4 c5 15. Bxb7+ Kxb7 16. Rd1 Qc6 17. 0-0 cxd4 18. Qxd4 Bb4 19. h4 Nc5 20. Qe5 a6 21. Rxd8 Rxd8 22. Kh2 Bxc3 23. Qxc3 Ne4 24. Qf3 Nc5 25. Qxc6+ Kxc6 26. g4 e5 27. Bc1 Kd5 28. g5 Nd3 29. Kg3 b4 30. h5 Ke6 31. f4 exf4+ 32. Bxf4 c3 33. bxc3 bxc3 34. Be3 Ne5 35. Rc1 Rc8 36. Rc2 Kf5 37. h6 Ke4 38. Re2 Kf5 39. Rf2+ Kg6 40. Rh2 Kf5 41. h7 Ng6 42. Rc2 Ke4 43. Bc1 Rh8 44. Rxc3 Rxh7 45. Rc4+ Kf5 46. Ra4 Rh1 47. Be3 Ne5 48. Ra5 1/2-1/2

[Event "FICGS W-ch st1 g02 email"]
[Site "FICGS email"]
[Date "2010.07.02"]
[Round "1"]
[White "Blinchevsky, Alexander"]
[Black "Zeman, Martin"]
[Result "1/2-1/2"]
[WhiteElo "2229"]
[BlackElo "2009"]
[PlyCount "91"]
[EventDate "2010.??.??"]
[EventType "tourn (corr)"]
[EventRounds "6"]
[SourceTitle "Corr 2013"]
[Source "ChessBase"]
[SourceDate "2012.11.12"]
[SourceVersion "1"]
[SourceVersionDate "2012.11.12"]
[SourceQuality "1"]

1. d4 Nf6 2. c4 g6 3. Nc3 Bg7 4. e4 d6 5. Be2 e5 6. dxe5 dxe5 7. Qxd8+ Kxd8 8. f4 Be6 9. Nf3 Nfd7 10. 0-0 exf4 11. Bxf4 Bxc3 12. bxc3 Na6 13. Nd4 Nac5 14. Rad1 Rc8 15. Rb1 a6 16. Bh6 Ke8 17. Nxe6 fxe6 18. Rf3 Rg8 19. Re1 Ne5 20. Rh3 g5 21. Rg3 g4 22. Bf4 Ncd7 23. h3 h5 24. hxg4 Nxg4 25. Rh3 e5 26. Bg3 Ndf6 27. Bh4 Rd8 28. Rf3 Rg6 29. Bd3 Kd7 30. Ref1 Kc8 31. c5 Kb8 32. c6 Rd6 33. cxb7 Kxb7 34. Re1 a5 35. Re2 Rb6 36. Rf1 a4 37. Rf5 a3 38. Bg5 Nd7 39. Bc1 Nc5 40. Bc2 Rgc6 41. Rxh5 Nd3 42. Bxd3 Rxc3 43. Re1 Rxd3 44. Rh3 Rbd6 45. Kf1 c5 46. Bxa3 1/2-1/2

[Event "FICGS class M 000035 email"]
[Site "FICGS email"]
[Date "2010.03.20"]
[Round "1"]
[White "Blinchevsky, Alexander"]
[Black "Broniek, Mariusz Maciej"]
[Result "1-0"]
[WhiteElo "2205"]
[BlackElo "2215"]
[PlyCount "125"]
[EventDate "2010.??.??"]
[EventType "tourn (corr)"]
[EventRounds "6"]
[SourceTitle "Corr 2013"]
[Source "ChessBase"]
[SourceDate "2012.11.12"]
[SourceVersion "1"]
[SourceVersionDate "2012.11.12"]
[SourceQuality "1"]

1. d4 Nf6 2. c4 e6 3. Nf3 d5 4. Nc3 Be7 5. Bg5 h6 6. Bh4 Nbd7 7. e3 0-0 8. Rc1 Re8 9. Bd3 dxc4 10. Bxc4 a6 11. a4 c5 12. 0-0 cxd4 13. exd4 b6 14. d5 b5 15. Ba2 Nf8 16. Ne5 Bb7 17. Qf3 Qb6 18. Bxf6 Bxf6 19. Nxf7 Kxf7 20. a5 Qa7 21. dxe6+ Nxe6 22. Ne4 Kf8 23. Qa3+ Be7 24. Qh3 Kg8 25. Qxe6+ Kh8 26. Ng3 Bf6 27. Qf7 Red8 28. Rce1 Bxg2 29. Qxa7 Rxa7 30. Kxg2 Bxb2 31. Re3 Raa8 32. Rfe1 Rac8 33. Rb3 Bd4 34. Bb1 Bc5 35. Re6 Rd6 36. Rbe3 Rf8 37. Rxd6 Bxd6 38. Nf5 Bc5 39. Re6 Rf6 40. Re8+ Rf8 41. Rxf8+ Bxf8 42. Nd4 Bc5 43. Nb3 Ba7 44. Be4 Kg8 45. Bb7 b4 46. Bxa6 Kf8 47. f4 Ke7 48. Kf3 g5 49. f5 Bb8 50. h3 Kf6 51. Ke4 Bc7 52. Bc4 h5 53. a6 Bb6 54. Be2 g4 55. hxg4 hxg4 56. Bxg4 Ba7 57. Nd4 Bc5 58. Bd1 Kf7 59. Ke5 Bb6 60. Bh5+ Kg7 61. f6+ Kh7 62. f7 b3 63. f8Q 1-0